|
|
|
|
| LEADER |
00000nab a2200000 a 4500 |
| 001 |
vtls000934177 |
| 003 |
SK-MaSNL |
| 005 |
20260304144338.0 |
| 008 |
250505c2003 xo mr|p|||||||000 b|slo |
| 015 |
|
|
|a SNBRB2004/12
|2 snkbucl
|
| 035 |
|
|
|a (uuid)6b1b056b-af85-49b1-91cf-d84340922c74
|
| 035 |
|
|
|a urn:nbn:sk:snk-abby3a
|
| 035 |
|
|
|a (urnnbn)urn:nbn:sk:snk:ar-003y5c
|
| 038 |
|
|
|a SNKBUCL
|
| 040 |
|
|
|a SNKBUCL
|b slo
|c SNKBUCL
|e AACR2
|
| 041 |
0 |
|
|a slo
|
| 044 |
|
|
|a xo
|c SK
|
| 080 |
|
|
|a 821.162.4-1
|2 1997
|
| 100 |
1 |
|
|a Demko, Michal
|d 1977-
|4 aut
|9 1465873
|
| 245 |
1 |
0 |
|a Presne tak to asi beží ...
|c Michal Demko
|
| 650 |
0 |
7 |
|a lyrické básne, slovenské
|2 snkbucl
|9 28980
|
| 773 |
0 |
|
|t Dotyky
|g Roč. XV, č. 1 (2003)
|g S. 100
|x 1210-2210
|
| 773 |
0 |
|
|t Almanach 25
|g Roč. XV, č. 1 (2003)
|g S. 100
|x 1210-2210
|
| 850 |
|
|
|a Slovenská národná knižnica
|
| 852 |
|
|
|a Slovenská národná knižnica
|
| 958 |
|
|
|a article15
|
| 958 |
|
|
|a OND
|
| 958 |
|
|
|a LX
|
| 958 |
|
|
|a EUIPO
|
| 999 |
|
|
|c 2930786
|d 2932716
|